| 000 | 00677cab a2200193 4500 | ||
|---|---|---|---|
| 001 | WB3237-39 | ||
| 008 | 090401t1996 xxu||||| |||| 00| 0 eng d | ||
| 035 | _a(Sirsi) u13775 | ||
| 041 | _aeng | ||
| 245 | _a`Muddied` figures for property consultancy | ||
| 260 | _c1996 | ||
| 350 | _a0 | ||
| 490 |
_aBirmingham Post _v3 October 1996, 25 |
||
| 520 | _aProperty consultancy Lambert Smith Hampton turned in a £205,000 profit in the first half despite the reverse takeover of loss-making rival Herring Baker Harris in the Spring 1996. | ||
| 650 | _aPROPERTY CONSULTANCY | ||
| 690 | _aMANAGEMENT-BUSINESS MANAGEMENT-PROFESSIONAL PRACTICE | ||
| 942 | _n0 | ||
| 948 | _c04/03/1997 | ||
| 999 |
_c8876 _d8876 |
||